000 01420cam a2200361 i 4500
001 16614621
003 EG-ScBUE
005 20241029144714.0
008 110119t2011 gw k f b 001 0 eng d
020 _a9783642155635 (hdbk. : acidfree paper)
020 _a3642155634 (hdbk. : acidfree paper)
040 _aIXA
_beng
_erda
_cIXA
_dSTF
_dUKM
_dYDXCP
_dOHX
_dZCU
_dIQU
_dCOO
_dCDX
_dUKMGB
_dOCLCQ
_dTJC
_dDLC
_dEG-ScBUE
041 1 _aeng
_hrus
082 0 4 _222
_a515.782
_bMAZ
100 1 _a Mazʹi︠a︡, V. G.‏,
_eauthor.
_937416
240 1 0 _aProstranstva S.L. Soboleva.
_lEnglish
245 1 0 _aSobolev spaces :
_bwith applications to elliptic partial differential equations /
_cVladimir Mazʹia ; [translated from Russian by Tatyana O. Shaposhnikova]
250 _aSecond edition.
264 1 _aBerlin :
_bSpringer,
_c[2011]
264 4 _cc2011
300 _axxviii, 866 pages :
_bforms ;
_c25 cm.
336 _2rdacontent
_atext
_btxt
337 _aunmediated
_2rdamedia
_bn
338 _avolume
_bnc
_2rdacarrier
490 0 _aGrundlehren der mathematischen Wissenschaften ;
_vvolume 342
504 _aIncludes bibliographical references and index.
546 _aText in English ; translated from the original Russian.
650 7 _aSobolev spaces.
_2BUEsh
_937417
653 _bENGELC
_cFebruary2015
655 _vReading book
_934232
700 1 _aShaposhnikova, T. O.,
_937418
_etranslator.
942 _2ddc
_cBB
999 _c18981
_d18953